MARC

LEADER 00000nam0a2200000 4500
001 360957
005 20231102011335.0
035 |a (RuTPU)RU\TPU\retro\18283 
090 |a 360957 
100 |a 20210519d1973 km y0rusy50 ca 
101 0 |a rus 
102 |a RU 
105 |a y z 001zy 
200 1 |a Методологические проблемы прогнозирования новых специальностей в технических вузах  |e монография  |f О. Т. Лебедев  |g под ред. О. Т. Фоменко 
210 |a Воронеж  |c Издательство Воронежского университета  |d 1973 
215 |a 264 с. 
320 |a Библиография в ссылках 
606 1 |a Технические университеты  |x Общие вопросы  |2 stltpush  |3 (RuTPU)RU\TPU\subj\68014  |9 83567 
610 1 |a инженерное образование 
610 1 |a технические вузы 
610 1 |a специальности 
610 1 |a методология 
610 1 |a математическое прогнозирование 
610 1 |a экологичность 
610 1 |a техника 
610 1 |a синтез 
610 1 |a знать 
686 |a Ч484(2)72  |v LBC/SL-A  |2 rubbk 
700 1 |a Лебедев  |b О. Т. 
702 1 |a Фоменко  |b О. Т.  |c Олег Тимофеевич  |4 340 
801 1 |a RU  |b 63413507  |c 20210519 
801 2 |a RU  |b 63413507  |c 20210914  |g RCR 
942 |c BK